High Court Criminal Appeal No. 10 OF 1995 David Ampumuza Mbabazi Vs Uganda (Record no. 4669)
[ view plain ]
| 000 -LEADER | |
|---|---|
| fixed length control field | 00575nam a22001097a 4500 |
| 008 - FIXED-LENGTH DATA ELEMENTS--GENERAL INFORMATION | |
| fixed length control field | 110708t xxu||||| |||| 00| 0 eng d |
| 010 ## - LIBRARY OF CONGRESS CONTROL NUMBER | |
| LC control number | CDOCF140 |
| 245 ## - TITLE STATEMENT | |
| Title | High Court Criminal Appeal No. 10 OF 1995 David Ampumuza Mbabazi Vs Uganda |
| 260 ## - PUBLICATION, DISTRIBUTION, ETC. (IMPRINT) | |
| Date of publication, distribution, etc | 1995 |
| 500 ## - GENERAL NOTE | |
| General note | Appeal from the conviction and sentence of the Chief Magistrates Court of Buganda Road holden at Mengo by His Worship Mr. Yorokamu Bamwine dated the 23rd day of January 1995 in Criminal Case No. U315 of 1994 |
| Withdrawn status | Lost status | Source of classification or shelving scheme | Damaged status | Koha normalized classification for sorting | Not for loan | Location (home branch) | Sublocation or collection (holding branch) | Shelving location | Date acquired | Koha issues (times borrowed) | Koha full call number | Piece designation (barcode) | Koha date last seen | Price effective from | Koha item type |
|---|---|---|---|---|---|---|---|---|---|---|---|---|---|---|---|
| Dewey Decimal Classification | CDOCF__140 | Law Development Centre Main Library | Law Development Centre Main Library | Reference | 07/08/2011 | CDOCF_140 | 10/1995/01 | 07/08/2011 | 07/08/2011 | Un Reported Cases |
